| 000 | 00722nam a2200229 a 4500 | ||
|---|---|---|---|
| 008 | |||
| 020 | _a9780799223361 (pbk.) | ||
| 049 | _aMAIN | ||
| 090 |
_aLB2395.7 _bICT |
||
| 245 | 0 |
_aICTs and higher education in africa / _cCatherine Ngugi. |
|
| 260 |
_aCape town : _bCentre of education technology , _c2007. |
||
| 300 |
_axi, 154 p. ; _c28 cm. |
||
| 504 | _aIncludes bibliographical references. | ||
| 650 |
_aEducation _xand information technology. |
||
| 650 | 1 | _aInformation communication technology. | |
| 700 | _aNgugi, Catherine. | ||
| 907 |
_a.b10258589 _b26-10-09 _c01-12-08 |
||
| 003 | |||
| 005 | 20230123124920.0 | ||
| 040 | _cNUST | ||
| 942 |
_cBOOKS _kLB2395.7 _mICT |
||
| 999 |
_c132509 _d132509 |
||